Biochemické zmeny sprevádzajúce dozrievanie konídií a starnutie mycélia vybraných vláknitých húb
Salvato in:
| Autore principale: | |
|---|---|
| Altri autori: | |
| Natura: | Manoscritto Libro |
| Lingua: | slovacco |
| Pubblicazione: |
2018
|
| Soggetti: | |
| Accesso online: | http://is.stuba.sk/zp/portal_zp.pl?podrobnosti=136376 |
| Tags: |
Nessun Tag, puoi essere il primo ad aggiungerne!!
|
MARC
| LEADER | 00000ntm a22000003a 4500 | ||
|---|---|---|---|
| 001 | stuzp70007 | ||
| 003 | SK-STU | ||
| 005 | 20180602211558.0 | ||
| 007 | ta | ||
| 008 | 150427s2015----xo-----f-mn---000-0-slo-d | ||
| 040 | |a STU |b slo | ||
| 041 | 0 | |a slo | |
| 100 | 1 | |a Polozsányi, Zoltán |u 043000 |4 aut |U FCHPT Fakulta chemickej a potravinárskej technológie |T FCHPT Ústav biochémie a mikrobiológie |X 60500 |U C3000 |Y 101 |7 60500 | |
| 242 | 0 | 1 | |a Biochemical Changes Accompanying Conidia Maturation and Mycelial Aging in Selected Filamentous Fungi |y eng |
| 245 | 1 | 0 | |a Biochemické zmeny sprevádzajúce dozrievanie konídií a starnutie mycélia vybraných vláknitých húb |
| 260 | |c 2018 | ||
| 650 | 4 | |a Trichoderma atroviride |2 slo | |
| 650 | 4 | |a konídie |2 slo | |
| 650 | 4 | |a transport 45Ca2+ |2 slo | |
| 650 | 4 | |a inkorporácia 13C-bikarbonátu |2 slo | |
| 650 | 4 | |a Aspergillus niger |2 slo | |
| 650 | 4 | |a NMR |2 slo | |
| 650 | 4 | |a zmeny enzýmovej aktivity |2 slo | |
| 650 | 4 | |a NMR |2 eng | |
| 650 | 4 | |a 13C-bicarbonate incorporation |2 eng | |
| 650 | 4 | |a changes in enzyme activities |2 eng | |
| 650 | 4 | |a Trichoderma atroviride |2 eng | |
| 650 | 4 | |a 45Ca2+ uptake |2 eng | |
| 650 | 4 | |a conidia |2 eng | |
| 650 | 4 | |a Aspergillus niger |2 eng | |
| 700 | 1 | |a Varečka, Ľudovít |u 043000 |k Z1 |4 ths |U FCHPT Fakulta chemickej a potravinárskej technológie |T FCHPT Ústav biochémie a mikrobiológie |X 4512 |U C3000 |Y 101 |7 A000004512 | |
| 856 | 4 | |u http://is.stuba.sk/zp/portal_zp.pl?podrobnosti=136376 | |